00627nam a22001817a 450000500170000001000150001702000260003203500140005803700090007208200180008124501110009925000060021026000400021627001070025630000200036370000350038370000270041820240805153333.0 aENG-141185 c775.00a9788196775193 aEN-124717 bDBAD a355.0330542100aGrace Glory and Gaffe:bIndia's Northeastern Region@75/cEdited By Uttara Sahasrabuddhe [and] Gayatri Lele a1 aMumbaibKabdwal Book International  aPlot No. 179, D/42, Raigad CHS, Sector 1, Charkop, Kandivali(W)bMumbaie400067morder@kabdwalbook.com a289p.c22cm(pb) aSahasrabuddhe, Uttara eEditor aLele, Gayatri eEditor